Immigration and demographic transformation in North-East India / (Record no. 92933)

MARC details
000 -LEADER
fixed length control field 01038nam a22002417a 4500
005 - DATE AND TIME OF LATEST TRANSACTION
control field 20221228123140.0
010 ## - LCCN (DPL NO)
LC control number ENG-112703 ENG-135962
020 ## - INTERNATIONAL STANDARD BOOK NUMBER
International Standard Book Number 9788172131531
Terms of availability 425.00
035 ## - SYSTEM CONTROL NUMBER
System control number EN-96235
035 ## - SYSTEM CONTROL NUMBER
System control number EN-119494
037 ## - SOURCE OF ACQUISITION
Source of stock number/acquisition DBAD/PUB
082 ## - DEWEY DECIMAL CLASSIFICATION NUMBER
Classification number 305.90691209541
245 ## - TITLE STATEMENT
Title Immigration and demographic transformation in North-East India /
Statement of responsibility, etc edited by A.C.Borah
260 ## - PUBLICATION, DISTRIBUTION, ETC. (IMPRINT)
Place of publication, distribution, etc Guwahati
Name of publisher, distributor, etc Purbanchal Prakash
Date of publication, distribution, etc 2012
270 ## - ADDRESS
Address H.N.2, Sewjee Path, Wireless,
City Guwahati
Postal code 781001
Electronic mail address purbanchal_prakash@yahoo.com
300 ## - PHYSICAL DESCRIPTION
Extent 159p.
Dimensions 22cm(Hbk)
Other physical details References and list of contributors
500 ## - GENERAL NOTE
General note Includes bibliographical references.
520 ## - SUMMARY, ETC.
Summary, etc Papers presented at the National Seminar on "Immigration and Demographic Transformation in North East India", held at Sivasagar.
650 ## - SUBJECT ADDED ENTRY--TOPICAL TERM
Topical term or geographic name as entry element Immigrants
Geographic subdivision India, Northeastern
Form subdivision Congresses.
650 ## - SUBJECT ADDED ENTRY--TOPICAL TERM
Topical term or geographic name as entry element Demographic transition
Geographic subdivision India, Northeastern
Form subdivision Congresses.
700 ## - ADDED ENTRY--PERSONAL NAME
Personal name Borah, A.C.
Relator term Editor
942 ## - ADDED ENTRY ELEMENTS (KOHA)
Source of classification or shelving scheme Dewey Decimal Classification
Item type English Books
Call number suffix IMM
Classification part 305.90691209541
Holdings
Withdrawn status Lost status Not for loan Collection code Home library Current library Date acquired Source of acquisition Cost, normal purchase price Full call number Barcode Copy number Cost, replacement price Koha item type
    Not For Loan Non-fiction D.B.Act.Division D.B.Act.Division 13/04/2015 DBAD/PUB 425.00 305.90691209541 IMM EN-96235 1 425.00 English Books
      Non-fiction Kasturba Gandhi Marg Kasturba Gandhi Marg 28/12/2022 DBAD/PUB 425.00 305.90691209541 IMM EN-119494 1 425.00 English Books

© Delhi Public Library
Hit Counter
free hit counter